| 000 | 01096cam a2200337Ia 4500 | ||
|---|---|---|---|
| 001 | 49998 | ||
| 005 | 20230410124133.0 | ||
| 008 | 071003s2007 njua 001 0 eng d | ||
| 035 | _a(OCoLC)ocn173623452 | ||
| 040 |
_aHKP _cHKP _dBAKER _dBTCTA |
||
| 019 | _a156818550 | ||
| 020 | _a9781565912267 (hbk.) | ||
| 020 | _a1565912268 (hbk.) | ||
| 035 |
_a(OCoLC)173623452 _z(OCoLC)156818550 |
||
| 043 | _aa-ko--- | ||
| 050 | 1 | 4 |
_aNA 6060 _bK49b 2007 |
| 049 | _aGRAL | ||
| 100 | 1 | _aKim, Sung-woo. | |
| 245 | 1 | 0 |
_aBuddhist architecture of Korea / _cby Kim Sung-woo. |
| 260 |
_aElizabeth, N.J. ; _aSeoul : _bHollym, _c2007. |
||
| 300 |
_a152 p. : _bill. ; _c25 cm. |
||
| 490 | 1 |
_aKorean culture series ; _v9 |
|
| 504 | _aIncludes bibliographical references (p. 125-126) and index. | ||
| 650 | 0 |
_aArchitecture, Buddhist _zKorea. |
|
| 830 | 0 |
_aKorean culture series (Elizabeth, N.J.) ; _v9. |
|
| 938 |
_aBaker & Taylor _bBKTY _c34.50 _d39.45 _i1565912268 _n0007328971 _sactive |
||
| 938 |
_aBaker and Taylor _bBTCP _nBK0007328971 |
||
| 942 |
_2lcc _cbk |
||
| 994 |
_aC0 _bDRFGD |
||
| 946 | _aLspaulino | ||
| 999 |
_c71748 _d71748 |
||